| 000 | 01071cam a22003015a 4500 | ||
|---|---|---|---|
| 001 | 3015871 | ||
| 005 | 20180509105315.0 | ||
| 008 | 940816r19981995enka frb 001 0 eng d | ||
| 020 | _a063119424X | ||
| 020 | _a9780631194248 | ||
| 040 |
_aDLC _cDLC _dDLC _dEG-ScBUE _beng |
||
| 082 | 0 | 4 |
_a155.418 _222 _bPER |
| 245 | 0 | 0 |
_aPersonal, social, and emotional development of children / _ceditor Peter Barnes. |
| 250 | _aReprint ed. | ||
| 260 |
_aMilton Keynes : _bOpen University ; _aOxford ; _aMalden : _bBlackwell Publishers, _c1998. |
||
| 300 |
_aviii, 360 p. : _bill. ; _c25 cm. |
||
| 490 | 0 |
_aChild development ; _v2 |
|
| 500 | _aReprinted of 1995 ed. | ||
| 504 | _aIncludes bibliographical references and indexes. | ||
| 650 | 7 |
_aIdentity (Psychology) in children. _2BUEsh |
|
| 650 | 7 |
_aIdentity (Psychology) in adolescence. _2BUEsh |
|
| 650 | 7 |
_aSelf-perception in children. _2BUEsh |
|
| 650 | 7 |
_aSelf-perception in adolescence. _2BUEsh |
|
| 650 | 7 |
_aChild development. _2BUEsh |
|
| 653 |
_bGGEN _cMay2018 |
||
| 700 | 1 |
_aBarnes, Peter, _d1946- _eeditor. |
|
| 942 | _2ddc | ||
| 999 |
_c26672 _d26644 |
||